书目信息 |
| 题名: |
科学在社会发展中的地位和作用
|
|
| 作者: | 钟阳胜 著 | |
| 分册: | ||
| 出版信息: | 长沙 湖南人民出版社 1986 |
|
| 页数: | 275页 | |
| 开本: | 19cm | |
| 丛书名: | ||
| 单 册: | ||
| 中图分类: | G301 | |
| 科图分类: | ||
| 主题词: | 科学学 | |
| 电子资源: | ||
| ISBN: | ||
| 000 | 00627nam0 2200229 45 | |
| 001 | 0186018883 | |
| 005 | 20060810082613.25 | |
| 010 | @dCNY1.25 | |
| 091 | @aCN@b2109.59 | |
| 100 | @a19900726d1986 kemy0chiy0121 ea | |
| 101 | 0 | @achi |
| 102 | @aCN@b430000 | |
| 105 | @ay z 000yy | |
| 200 | 10 | @a科学在社会发展中的地位和作用@Ake xue zai she hui fa zhan zhong de di wei he zuo yong@f钟阳胜著 |
| 210 | @a长沙@c湖南人民出版社@d1986 | |
| 215 | @a275页@d19cm | |
| 606 | @a科学学 | |
| 690 | @aG301@v3 | |
| 701 | 0 | @a钟阳胜@Azhong yang sheng@4著 |
| 801 | 2 | @aCN@bNLC@c20060810 |
| 801 | 0 | @aCN@bTSSF |
| 905 | @a10447@dG301@e125 | |
| 科学在社会发展中的地位和作用/钟阳胜著.-长沙:湖南人民出版社,1986 |
| 275页;19cm |
| ISBN :CNY1.25 |
| ● |
| 相关链接 |
|
|
|
|
正题名:科学在社会发展中的地位和作用
索取号:G301/125
 
预约/预借
| 序号 | 登录号 | 条形码 | 馆藏地/架位号 | 状态 | 备注 |
| 1 | 0448190 | 204481907 | 密集书库/ [索取号:G301/125] | 在馆 | |
| 2 | 0448191 | 204481916 | 密集书库/ [索取号:G301/125] | 在馆 |